02112cam a22003375a 45000010009000000050017000090080041000260200025000670200022000920400112001140820019002262450096002452600027003413000032003685000146004005000029005465000026005755040041006015050532006425200161011746500043013356500056013786500044014346500039014786510010015176530028015277000026015559420008015819990017015899520168016061782133020201128023820.0130722s2014 enka frbd 001 0 eng d a9781446267264 (pbk.) a1446267261 (pbk.) aBTCTAbengcBTCTAdBDXdUKMGBdCDXdYDXCPdWAUdSYBdDEBBGdMUUdVVCdCOOdOCLCFdUKBOLdNGUdDLCdEG-ScBUE04222a300.7bMAN00aManaging and sharing research data :ba guide to good practice /cLouise Corti ... [et al.] aLondon :bSAGE,c2014. ax, 222 p. :bill. ;c25 cm. aCompanion website with additional exercises and links from the UK Data Service available at: http://ukdataservice.ac.uk/manage-data/handbook/ aGlossary : p. [216]-217. aIndex : p. [218]-222. aIncludes bibliographical references.0 aThe importance of managing and sharing research data -- The research data lifecycle -- Research data management planning -- Documenting and providing context for data -- Formatting and organizing data -- Storing and transferring data -- Legal and ethical issues in sharing data -- Rights relating to research data -- Collaborative research : data management strategies for research teams and research managers -- Making use of other people's research data : opportunities and limitations -- Publishing and citing research data.8 aThis text looks explicitly at data management and sharing, providing readers with the skill-set needed to successfully produce high quality research assets. 7aSocial sciencesxResearch.2BUEsh9775 0aCommunication in the social sciences.2BUEsh941007 0aIntellectual cooperation.2BUEsh941008 7aDatabase management.2BUEsh911309 2BUEsh bHHUUEENNcSeptember20161 aCorti, Louise.941006 2ddc c22294d22266 00102ddc40708BaccahaMAINbMAINc1STd2016-09-04ePurchaseg309.00h26103l4m72o300.7 MANp000033523q2026-05-20r2020-01-15 00:00:00s2020-01-15v387.00yBB